00683nam a2200241 a 4500001001300000003000900013005001700022008004100039020001000080082001500090100001600105245003600121260004100157300000800198500003500206505001700241650002100258700001600279902000800295942000700303952011600310999001500426nice12345678IN_TiNIC20260116012855.0050524s1987 hyda grp 000 0 urd  ac10000a297.1bYOU aYounus, A K aLalkar-Dhar Yani Waqt Ka Taqaza aHyderabadbIjaz Printing Pressc1987 a87p aincludes index and biblioraphy2 abibliography aIslam-Miscellany1 aYounus, A K bSRS cBK 001040708StackRoom-aHMIbHMId2007-07-30g100.00l0o297.1 YOUp010769r2007-07-30v100.00w2005-05-24yBK c8729d8729